| 000 | 00589nam a2200193 i 4500 | ||
|---|---|---|---|
| 001 | 52316 | ||
| 003 | ES-MaACL | ||
| 005 | 20230906162548.0 | ||
| 007 | t| | ||
| 008 | 030827s1957 sp ||||1| spa d | ||
| 100 | 1 |
_aChwen-Min, T'ien. _938726 |
|
| 245 | 1 | 0 |
_aVeinticinco años en la China trágica _b: ensayo de antología misionera / _cpor T'ien Chwen-Min. |
| 260 |
_aMadrid : _bEl Perpetuo Socorro, _c1957. |
||
| 300 |
_a519 p., 29 lám. ; _c12 cm. |
||
| 490 | 1 |
_aOriente ; _v6 |
|
| 830 | 0 |
_aOriente ; _v6 _9230201 |
|
| 852 |
_aES-MaACL _jC-4633 _bR.40324 |
||
| 999 |
_c52316 _d52316 |
||